000 00341nam a2200145Ia 4500
008 221030s9999 xx 000 0 und d
041 _aEnglish
082 _a105.23
100 _aA. Belevtsev
245 0 _aRadio Circuit Construction
_cby A. Belevtsev
260 _bMIR Pub.
_aMoscow
_c1974
300 _a284
650 _aEE
942 _cBK
999 _c11372
_d11372